000 00289nam a2200133Ia 4500
100 _aAdams.J.T
942 _cBK
654 _aHandbook
245 _aArco''''s Complete Wood Working Handbook
260 _bArco Pub.
_aNew York
_c1981
082 _a684
300 _a698
546 _aENGLISH
999 _c29975
_d29975